000 01579nam a2200457 i 4500
001 30500
003 KOSZ 005
005 20201014151948.0
008 051024s1974 pl f |000 0 pol
015 _aUWD 1974/2850
035 _a991028582289705066
035 _a(PL-WaBN)b17734010-48omnis_nlop
035 _ab17734010
035 _a(OCoLC)838803362
035 _a(PL)b0000001773401
035 _a(EXLNZ-48OMNIS_NETWORK)9910320685305606
040 _aWA N
_cWA N
_dKOSZ 005/EG
041 1 _apol
_hrus
080 _a159.9
080 _a(091)
100 1 _aÂroševskij, Mihail Grigor'evič
_d(1915-2001)
_eAutor
245 1 0 _aPsychologia XX wieku /
_cM. G. Jaroszewski ; z ros. tł. Irena Obuchowska ; przedm. K. Obuchowski.
246 1 _iTyt. oryg.:
_aPsihologiâ v XX stoletii,
_f1971
260 _aWarszawa :
_bPańst. Wydaw. Naukowe,
_c1974.
300 _a395, [1] s. ;
_c25 cm.
336 _aTekst
_btxt
_2rdacontent
337 _aBez urządzenia pośredniczącego
_bn
_2rdamedia
338 _aWolumin
_bnc
_2rdacarrier
380 _aKsiążki
388 _a1901-2000
388 _a1945-1989
650 7 _aZachowanie
650 7 _aBehawioryzm
658 _aPsychologia
700 1 _aObuchowska, Irena
_d(1932-2016)
_eTłumaczenie
700 1 _aObuchowski, Kazimierz
_d(1931-2014)
_ePrzedmowa
710 2 _aPaństwowe Wydawnictwo Naukowe
_4pbl
856 _uhttp://koha.tu.koszalin.pl/cgi-bin/koha/opac-detail.pl?biblionumber=30500
_yKatalog online BPK
942 _2UKD
_cKS
999 _c30500
_d30500